Statistics for F Vocabulary Words Quiz #1

Click here to take the quiz!

General Stats

  • This quiz has been taken 87,508 times
  • The average score is 13 of 22

Answer Stats

DefinitionWord% Correct
Related to catsFeline
92%
Thigh boneFemur
89%
Extreme food shortageFamine
88%
The pre-birth stage after embryoFetus
82%
Type of nuclear reaction or cuisineFusion
79%
This is to animals as flora is to plantsFauna
76%
Young deerFawn
74%
It's worse than a misdemeanorFelony
74%
Used to describe a domesticated
animal gone wild
Feral
69%
Cylinder-shaped red hat of the
Ottoman Empire
Fez
63%
Another name for a pancake (US),
or a bar made from rolled oats (UK)
Flapjack
63%
Long, narrow, deep inlet between cliffsFjord
50%
Senatorial delay tacticFilibuster
48%
Gem faceFacet
43%
ThriftyFrugal
42%
Anise-flavored herb Fennel
40%
A fake attack, in boxing or warFeint
39%
Measure of length equal to 6 feet,
often used to measure depth
Fathom
37%
Muslim legal ruling given by a muftiFatwa
34%
A fleet of small shipsFlotilla
34%
To strengthen wine by adding
a distilled spirit
Fortify
31%
Combat scuba diverFrogman
25%

Score Distribution

Percentile by Number Answered

Percent of People with Each Score

Your Score History

You have not taken this quiz